Top 10 - Buteurs en Ligue 1 saison 24/25 - Statistiques

Statistiques générales
  • Ce quiz a été pris 184 fois
  • Le résultat moyen est 8 sur 10
Statistiques - réponses
Club Buts Joueur % Correct
Paris Saint-Germain 21 Ousmane Dembélé
100%
Paris Saint-Germain 14 Bradley Barcola
91%
Olympique de Marseille 21 Mason Greenwood
90%
Olympique Lyonnais 15 Alexandre Lacazette
88%
Lille OSC 16 Jonathan David
86%
RC Strasbourg 14 Emanuel Emegha
72%
Stade Brestois 29 13 Ludovic Ajorque
70%
Olympique de Marseille 13 Amine Gouiri
67%
AS Monaco 13 Mika Biereth
62%
Stade Rennais FC 17 Arnaud Kalimuendo
60%
Aucun quiz correspondant
Distribution des résultats
% des personnes avec chaque résultat
Percentile par nombre de réponses
Votre historique - résultats
Vous n’avez pas pris ce quiz